01028nam a22002177a 4500020001500000040000900015082001500024100002400039110004600063245004300109250001800152260003800170650005100208942001200259999001900271952010400290952010400394952010400498952010400602952010400706 a9971514230 cNUST a620.1bMER aMeriam , J.L913089 aKraige , L.G , Palm , William .J9123619 aEngineering Mechanice Volume 1 Statics aFifth Edition aIndia:bJohn Wiley & Sons,c2002. aEngineering Mechanice Volume 1 Statics9123620 2ddccBK c609748d609748 00102ddc4070aCEMEbCEMEcGENd2024-06-13l0o620.1 MERpCEME- 43566r2024-06-13w2024-06-13yBK 00102ddc4070aCEMEbCEMEcGENd2024-06-13l0o620.1 MERpCEME- 43567r2024-06-13w2024-06-13yBK 00102ddc4070aCEMEbCEMEcGENd2024-06-13l0o620.1 MERpCEME- 43568r2024-06-13w2024-06-13yBK 00102ddc4070aCEMEbCEMEcGENd2024-06-13l0o620.1 MERpCEME- 43569r2024-06-13w2024-06-13yBK 00102ddc4070aCEMEbCEMEcGENd2024-06-13l0o620.1 MERpCEME- 43570r2024-06-13w2024-06-13yBK